|
|
|
|
| LEADER |
00000nam a22000007a 4500 |
| 005 |
20151217100921.0 |
| 007 |
cr|||| ||u| |
| 008 |
151217s2012 ck ||||| |||| 00||0 spa d |
| 020 |
|
|
|a 978-958-738-326-3
|
| 035 |
|
|
|a 12972
|
| 040 |
|
|
|a vLex
|
| 090 |
|
|
|c 5742
|d 5742
|
| 100 |
1 |
|
|a Hernǹdez Carvajal, Mara̕ Eugenia
|
| 245 |
1 |
0 |
|a Ni con pequeǫ trabajo, ni con pequeǫ favor de Dios
|h [Recurso electrn̤ico] /
|c Mara̕ Eugenia Hernǹdez Carvajal
|
| 256 |
|
|
|a Servicio en ln̕ea
|
| 260 |
|
|
|a Colombia
|b Editorial Universidad de Rosario (Colombia)
|c 2012
|
| 300 |
|
|
|a 1 recurso electrn̤ico (1550-1582. 122 Pg̀inas.)
|
| 500 |
|
|
|a Fray Pedro Aguado y fray Antonio de Medrano frente a la conquista del Nuevo Reino de Granada
|
| 506 |
1 |
|
|a Contenido solo disponible en los productos indicados
|d vLex Global
|d vLex Global (Academic Edition, excluding Law Schools)
|d vLex Global (U.S. Academic Edition, Law Schools)
|d vLex Global (U.S. Academic Edition, excluding Law Schools)
|d vLex Global (Academic Edition, Law Schools)
|
| 650 |
0 |
4 |
|a Derecho de conquista
|z Nuevo Reino de Granada
|
| 740 |
0 |
|
|a vLex libros (servicio en ln̕ea)
|
| 856 |
4 |
0 |
|u http://vlex.com/source/peque-o-trabajo-peque-o-favor-dios-12972
|z Acceso restringido
|
| 942 |
|
|
|c BOOK
|
| 999 |
0 |
|
|a Conquest
|